Tác phẩm được giải thưởng Tự lực văn đoàn

保存先:
書誌詳細
フォーマット: 図書
言語:Undetermined
出版事項: H. Văn Học 2001
主題:
タグ: タグ追加
タグなし, このレコードへの初めてのタグを付けませんか!
Thư viện lưu trữ: Trung tâm Học liệu Trường Đại học Cần Thơ
LEADER 00482nam a2200169Ia 4500
001 CTU_52040
008 210402s9999 xx 000 0 und d
020 |b 105000 
082 |a 895.9223008 
082 |b T101 
245 0 |a Tác phẩm được giải thưởng Tự lực văn đoàn 
260 |a H. 
260 |b Văn Học 
260 |c 2001 
650 |a vietnamese literature 
650 |x collections 
980 |a Trung tâm Học liệu Trường Đại học Cần Thơ